| Tag |
First Indicator |
Second Indicator |
Subfields |
| LEADER |
00000pam a2200000 a 4500 |
| 001 |
in00001635375 |
| 005 |
20151023083941.0 |
| 008 |
000711s2001 nyu 000 1 eng |
| 010 |
|
|
|a 00058528
|
| 020 |
|
|
|a 0553801880 (HC)
|
| 035 |
|
|
|a (OCoLC)ocm44683447
|
| 040 |
|
|
|a DLC
|c DLC
|d UtOrBLW
|
| 043 |
|
|
|a e-it---
|
| 049 |
|
|
|a TXAM
|
| 050 |
0 |
0 |
|a PS3561.R44
|b S55 2001
|
| 082 |
0 |
0 |
|a 813/.54
|2 21
|
| 100 |
1 |
|
|a Quick, Amanda.
|
| 245 |
1 |
0 |
|a Slightly shady /
|c Amanda Quick.
|
| 264 |
|
1 |
|a New York :
|b Bantam Books,
|c 2001.
|
| 300 |
|
|
|a 343 pages ;
|c 25 cm.
|
| 336 |
|
|
|a text
|b txt
|2 rdacontent
|
| 337 |
|
|
|a unmediated
|b n
|2 rdamedia
|
| 338 |
|
|
|a volume
|b nc
|2 rdacarrier
|
| 650 |
|
0 |
|a Private investigators
|z England
|z London
|v Fiction.
|
| 651 |
|
0 |
|a London (England)
|v Fiction.
|
| 650 |
|
0 |
|a Extortion
|v Fiction.
|
| 651 |
|
0 |
|a Italy
|v Fiction.
|
| 650 |
|
7 |
|a Romantic suspense fiction.
|2 gsafd
|
| 655 |
|
7 |
|a Historical fiction.
|2 gsafd
|
| 994 |
|
|
|a E0
|b TXA
|
| 948 |
|
|
|a cataloged
|b h
|c 2001/11/7
|d c
|e ceaton
|f 11:08:22 am
|
| 999 |
|
|
|a MARS
|
| 999 |
f |
f |
|s c31fdff6-32d1-39ab-8e21-319764c9ece6
|i e6729581-3e40-34d1-8daa-548ccdbd22a6
|t 0
|
| 952 |
f |
f |
|p normal
|a Texas A&M University
|b College Station
|c Sterling C. Evans Library
|d Evans: Library Stacks
|t 0
|e PS3561.R44 S55 2001
|h Library of Congress classification
|i unmediated -- volume
|m A14828279971
|
| 998 |
f |
f |
|a PS3561.R44 S55 2001
|t 0
|l Evans: Library Stacks
|